<?xml version="1.0" encoding="UTF-8"?>
<record
    xmlns:xsi="http://www.w3.org/2001/XMLSchema-instance"
    xsi:schemaLocation="http://www.loc.gov/MARC21/slim http://www.loc.gov/standards/marcxml/schema/MARC21slim.xsd"
    xmlns="http://www.loc.gov/MARC21/slim">

  <leader>00930naa a22001817i 4500</leader>
  <controlfield tag="003">KOSZ 005</controlfield>
  <controlfield tag="005">20180507120912.0</controlfield>
  <controlfield tag="008">160308s2012        ||||| ||||0|| 0 pol </controlfield>
  <datafield tag="035" ind1=" " ind2=" ">
    <subfield code="a">PBN-R:317006</subfield>
  </datafield>
  <datafield tag="040" ind1=" " ind2=" ">
    <subfield code="c">KOSZ 005/md</subfield>
    <subfield code="a">PBN-ID</subfield>
    <subfield code="d">KOSZ 005/HR</subfield>
  </datafield>
  <datafield tag="041" ind1="0" ind2=" ">
    <subfield code="a">pol</subfield>
    <subfield code="b">pol</subfield>
  </datafield>
  <datafield tag="100" ind1="1" ind2=" ">
    <subfield code="a">SUDAKIEWICZ, Lidia Bo&#x17C;ena.</subfield>
    <subfield code="b">Politechnika Koszali&#x144;ska - Instytut Neofilologii i Komunikacji Spo&#x142;ecznej</subfield>
    <subfield code="c">Zak&#x142;ad Komunikacji i Nauk Spo&#x142;ecznych</subfield>
    <subfield code="d">2009 -</subfield>
  </datafield>
  <datafield tag="245" ind1="1" ind2="0">
    <subfield code="a">Znaczenie i odmiana wybranych nazwisk wsp&#xF3;&#x142;czesnych /</subfield>
    <subfield code="c">Lidia Sudakiewicz.</subfield>
  </datafield>
  <datafield tag="520" ind1=" " ind2=" ">
    <subfield code="a">Artyku&#x142; zawiera om&#xF3;wienie znaczenia, pochodzenia i struktury 12 nazwisk. Przy poszczeg&#xF3;lnych typach nazwisk umieszczono te&#x17C; wskaz&#xF3;wki normatywne dotycz&#x105;ce ich prawid&#x142;owej odmiany.</subfield>
  </datafield>
  <datafield tag="650" ind1=" " ind2="0">
    <subfield code="a">J&#x119;zykoznawstwo.</subfield>
  </datafield>
  <datafield tag="773" ind1="0" ind2=" ">
    <subfield code="i">W:</subfield>
    <subfield code="t">Symbolae Europaeae. -</subfield>
    <subfield code="d">Koszalin : Wydaw. Uczelniane Politechniki Koszali&#x144;skiej. -</subfield>
    <subfield code="g">2012, nr 5, s. 91-105</subfield>
    <subfield code="x">1896-8945</subfield>
  </datafield>
  <datafield tag="942" ind1=" " ind2=" ">
    <subfield code="c">ART</subfield>
    <subfield code="2">UKD</subfield>
  </datafield>
  <datafield tag="999" ind1=" " ind2=" ">
    <subfield code="c">7969</subfield>
    <subfield code="d">7969</subfield>
  </datafield>
</record>
